Statistics for Cabinet of Donald Trump

Click here to take the quiz!

General Stats

  • This quiz has been taken 46 times
  • The average score is 13 of 38

Answer Stats

HintAnswer% Correct
Sec. of State(2018-2021)Mike Pompeo
96%
Sec. of State(2017-2018)Rex Tillerson
88%
Sec. of HUD(2017-2021)Ben Carson
79%
Sec. of Education(2017-2021)Betsy DeVos
71%
AG(2019-2020)Bill Barr
67%
Sec. of Defense(2017-2019)Jim Mattis
67%
UN Ambass(2017-2018)Nikki Haley
67%
Sec. of Treasury(2017-2021)Steven T. Mnuchin
67%
AG(2017-2018)Jeff Sessions
63%
Sec. of Transportation(2017-2021)Elaine Chao
46%
Sec. of Defense(2019-2020)Mark Esper
42%
Sec. of Energy(2017-2019)Rick Perry
42%
Director of CIA(2017-2018)Mike Pompeo
38%
Sec. of Interior(2017-2019)Ryan Zinke
33%
Sec. of HHS(2018-2021)Alex Azar
29%
Director of CIA(2018-2021)Gina Haspel
25%
EPA(2017-2018)Scott Pruitt
25%
Sec. of Agriculture(2017-2021)Sonny Perdue
25%
Sec. of Labor(2017-2019)Alexander Acosta
21%
Sec. of Labor(2019-2021)Eugene Scalia
21%
Sec. of HS(2017)John F. Kelly
21%
Sec. of HS(2017-2019)Kirstjen Nielsen
21%
US Trade Rep(2017-2021)Robert Lighthizer
21%
Sec. of HHS(2017)Tom Price
21%
Sec. of Commerce(2017-2021)Wilbur Ross
21%
Director of Nat'l Intel.(2017-2019)Dan Coats
17%
SBA(2017-2019)Linda McMahon
17%
EPA(2018-2021)Andrew Wheeler
13%
Sec. of HS(2019-2021)Chad Wolf
13%
Sec. of VA(2017-2018)David Shulkin
13%
UN Ambass(2019-2021)Kelly Craft
13%
OMB(2017-2020)Mick Mulvaney
13%
Sec. of VA(2018-2021)Robert Wilkie
13%
Sec. of Energy(2019-2021)Dan Brouillette
8%
Sec. of Interior(2019-2021)David Bernhardt
8%
Director of Nat'l Intel(2020-2021)John Ratcliffe
8%
OMB(2020-2021)Russel Vought
8%
SBA(2020-2021)Jovita Carranze
0%

Score Distribution

Percentile by Number Answered

Percent of People with Each Score

Your Score History

You have not taken this quiz